00329nam a2200133Ia 4500008004100000041000800041082001200049100001900061245002200080250001400102260004100116300003100157365000700188240624s9999 xx 000 0 und d aeng a515 WID aWIDDER DAVID V aADVANCED CALCULUS a(2nd ed.) c2005aNew DelhibPrentice Hall India axvi, : 520 : p. : cm. ; 25 cRS